Evaluación de un programa para el desarrollo de la competencia intercultural a través de la educación rítmica en Educación Primaria.

Furkejuvvon:
Bibliográfalaš dieđut
Váldodahkki: Pérez Aldeguer, Santiago (autor)
Materiálatiipa: Áigepublikašuvdna
Giella:espánnjágiella
Fáttát:
Liŋkkat:Ver documento en línea
Fáddágilkorat: Lasit fáddágilkoriid
Eai fáddágilkorat, Lasit vuosttaš fáddágilkora!

MARC

LEADER 00000nas^a2200000^u^4500
001 000528826
005 20260416000000.0
008 130927c^^^^9999^^^^r1^^^^^^^^0^^^^0eng^d
009 20260416114854.833
022 |a 16074041 
035 |a FCE 000073072 
037 |a Acervo ITESO - Biblioteca 
041 |a ESP 
095 |a REVISTA ELECTRONICA DE INVESTIGACION EDUCATIVA (PDF)  |b 3/13 
100 |a Pérez Aldeguer, Santiago  |e (autor) 
245 1 0 |a Evaluación de un programa para el desarrollo de la competencia intercultural a través de la educación rítmica en Educación Primaria. 
264 |a Baja California :  |b Universidad Autónoma de Baja California, Investigación y Desarrollo Educativo,  |c 2013. 
336 |a texto  |b txt  |2 rdacontenido 
337 |a sin mediación  |b n  |2 rdamedio 
338 |a volumen  |b nc  |2 rdasoporte 
649 |a XX 
650 |a Valores 
650 |a Evaluación del programa 
650 |a Educación intercultural 
650 |a Desarrollo de competencias 
650 |a Educación musical 
650 |a España 
740 |g vol. 15, no. 3, 2013, pp. 123-137  |t Revista Electrónica de Investigación Educativa, 
856 4 0 |u https://redie.uabc.mx/index.php/redie/article/view/570/844  |y Ver documento en línea 
910 |a Fondo Centro de Estudios Educativos 
920 |a Impresos - Libros 
930 |a Fondos Especiales 
905 |a 133 
902 |a https://opac.biblio.iteso.mx/vufind/Record/000528826